000 00677nas a2200229 4500
001 BR8502904
003 BR-BrBNA
005 20231205090220.0
007 ta
008 230509b bl.|||p| |||| 00| 00por d
040 _aBR-BrBNA
_bpor
_cBiblioteca Nacional de Agricultura
041 _a(Pt)
072 _aQ02
100 1 _aBenedet, H.D.
245 1 _aEfeitos do processamento na qualidade nutricional do leite
650 _aTECNOLOGIA DE ALIMENTO
650 _aNUTRICAO HUMANA
650 _aLEITE
773 0 _tAlimentacao e Nutricao (Brazil)
_xISSN 0101-1103
_g(1985), v. 7(23) p. 27-30
_wBR8502904
909 _a202311
_bLúcia
_c55
_dLúcia Elande
942 _2AGRIS
_n0
_cANA
999 _c116870
_d116870